The history of Henry Esmond, esq : (Record no. 30110)
[ view plain ]
| 000 -LEADER | |
|---|---|
| fixed length control field | 00680nam a2200217 a 4500 |
| 001 - CONTROL NUMBER | |
| control field | 30110 |
| 003 - CONTROL NUMBER IDENTIFIER | |
| rucl marc code | BD-RjUL |
| 005 - DATE AND TIME OF LATEST TRANSACTION | |
| control field | 20211209051520.0 |
| 008 - FIXED-LENGTH DATA ELEMENTS--GENERAL INFORMATION | |
| fixed length control field | 140409s19501852 uk 000 0 eng d |
| 029 ## - (OCLC) | |
| OCLC library identifier | 1852 |
| 035 ## - SYSTEM CONTROL NUMBER | |
| System control number | (BD-RjUL)30195 |
| 040 ## - CATALOGING SOURCE | |
| Original cataloging agency | TWU |
| Transcribing agency | TWU |
| Modifying agency | m.c |
| -- | BD-RjUL |
| Language of cataloging | eng |
| 041 ## - LANGUAGE CODE | |
| Language code of text/sound track or separate title | eng |
| 082 ## - DEWEY DECIMAL CLASSIFICATION NUMBER | |
| Classification number | 823 |
| Author mark and year | ESH 1950 |
| 100 1# - MAIN ENTRY--PERSONAL NAME | |
| Personal name | Esmond, Henry |
| 9 (RLIN) | 91551 |
| 245 14 - TITLE STATEMENT | |
| Title | The history of Henry Esmond, esq : |
| Remainder of title | a colonel in the service of Her Majesty Q. Anne. Written by himself / |
| Statement of responsibility, etc. | W. M. Thackeray |
| 260 ## - PUBLICATION, DISTRIBUTION, ETC. (IMPRINT) | |
| Place of publication, distribution, etc. | London : |
| Name of publisher, distributor, etc. | Smith Elder, |
| Date of publication, distribution, etc. | 1852 [Reprinted 1950] |
| 300 ## - PHYSICAL DESCRIPTION | |
| Pagination | xvii , 519 p. : |
| Size | 19 cm |
| 700 ## - ADDED ENTRY--PERSONAL NAME | |
| Personal name | Thackeray, William Makepeace, |
| 942 ## - ADDED ENTRY ELEMENTS (KOHA) | |
| Source of classification or shelving scheme | Dewey Decimal Classification |
| Koha item type | Books |
| Lost status | Source of classification or shelving scheme | Damaged status | Not for loan | Collection code | Permanent Location | Current Location | Shelving location | Date acquired | Source of acquisition | Cost, normal purchase price | Total Checkouts | Full call number | Date last seen | Copy number | Koha item type |
|---|---|---|---|---|---|---|---|---|---|---|---|---|---|---|---|
| Dewey Decimal Classification | Non-fiction | Central Library, University of Rajshahi | Central Library, University of Rajshahi | Reading Room | 22/01/1955 | O. U. P. | 3.60 | 823 ESH 1950 | 09/04/2014 | C-2 | Books |